Eine grandiose lettische Ost-West-Komödie
| Titel: | Eine grandiose lettische Ost-West-Komödie : "Sowjet Jeans" : das Lebensgefühl Jugendlicher in Riga 1979 / von Robert von Lucius |
|---|---|
| Verfasser: | |
| In: |
Baltische Briefe, Band 78, Heft 6 (920) (2025), Seite 7 alle Artikel anzeigen |
| Veröffentlicht: | 2025 |
| Format: | Aufsatz |
| Sprache: | Deutsch |
X
alg: 54175142 001A $03025:03-02-26 001B $01999:03-02-26 $t22:10:48.000 001D $03025:03-02-26 001U $0utf8 001X $00 002@ $0Aou 002C $aText $btxt $2rdacontent 002D $aohne Hilfsmittel zu benutzen $bn $2rdamedia 002E $aBand $bnc $2rdacarrier 003@ $0541751425 007A $0541751425 $aHEB 010@ $ager 010E $erda 011@ $a2025 021A $aEine @grandiose lettische Ost-West-Komödie $d"Sowjet Jeans" : das Lebensgefühl Jugendlicher in Riga 1979 $hvon Robert von Lucius 028A $BVerfasser $4aut $7172511585 $8Lucius, Robert$cvon$Z1949- [Tp1] $9284066982 031A $d78 $e6 (920) $h7 $j2025 039B $aEnthalten in $8--Abvc--. Baltische Briefe. - Großhansdorf : Verl. Balt. Briefe, 1948-. - ISSN 0005-4526 $x202500000780006993 $9047806486 044K $RLettische Sozialistische Sowjetrepublik $RLettische Sozialistische Sowjetrepublik $#Lettland $#Lettland $#Lettland $#Latvija $#Latvijas Republika $#Lettische Republik $#République de Lettonie $#Republik Lettland $#Latwija $#Latvijas Republikas Tautas $#Republic of Latvia $#Latvijskaja Respublika $#Latvia $#Lettonie $#Łotwa $74074187-4 $8Lettland [Tg1] $9085208876 044K $RFilm $RFortsetzungsfilm $#Filmserie $#Filmreihe $#Serienfilme $74181036-3 $8Serienfilm [Ts1] $9085866520 044K $RLebensalter $RHeranwachsender $#Youth $#Jeunesse $#Teenagers $#Adolescents $#Jugend 12-20 Jahre $#Jugendalter $#Jugendlicher $#Teenager $74028859-6 $8Jugend [Ts1] $9085076104 044K $74167020-6 $8Lebensgefühl [Ts1] $9085753173 044K $RMotiv $74417001-4 $8Jeans$gMotiv [Ts1] $9088631478 044K $RSpionage $#Secret service $#Services de renseignements $#Servizi segreti $#Servicio secreto $#Geheimdienst $#Geheimdienst $#Geheimer Nachrichtendienst $#Nachrichtendienst Spionage $74019737-2 $8Geheimdienst [Ts1] $9085046965 044K $REthik $#Ethics $#Morale $#Moral $#Moral $74040222-8 $8Moral [Ts1] $9085110051 044K $RKritik $RKulturkritik $RZeitkritik $#Social sciences Philosophy $#Philosophie sociale $#Gesellschaftskritik $#Gesellschaftskritik $#Sozialkritik $74020643-9 $8Gesellschaftskritik [Ts1] $9085049913 045F $a791.4094796090513 $eDDC23BSB 045F/01 $a791.4 045F/03 $f09047 045F/03 $f090513 045F/03 $g4796 045R $aSozialgeschichte 1975-1979 045T $a7,44 lok: 54175142 78 exp: 54175142 78 1 #EPN 201B/01 $003-02-26 $t09:43:10.000 201C/01 $003-02-26 201U/01 $0utf8 203@/01 $01333318774 208@/01 $a03-02-26 $be 209A/01 $a/ $f000 $x00 209A/01 $ab*p $x01 220C/01 $akoe 247C/01 $82080>Marburg/Lahn, Herder-Institut, Forschungsbibliothek, Bibliographieportal $9336309341
| LEADER | 00000caa a2200000 c 4500 | ||
|---|---|---|---|
| 001 | 541751425 | ||
| 003 | DE-603 | ||
| 005 | 20260203221048.0 | ||
| 007 | tu | ||
| 008 | 260203s2025 xx |||| | u00||u|ger c | ||
| 035 | |a (DE-599)HEB541751425 | ||
| 040 | |a DE-603 |b ger |c DE-603 |d DE-603 |e rda | ||
| 041 | |a ger | ||
| 082 | 0 | 4 | |8 1\u |a 791.4094796090513 |q DE-101 |2 23/BSB |
| 084 | |a 7,44 |2 ssgn | ||
| 085 | |8 1\u |b 791.4 | ||
| 085 | |8 1\u |z 1 |s 09047 | ||
| 085 | |8 1\u |z 1 |s 090513 | ||
| 085 | |8 1\u |z 2 |s 4796 | ||
| 100 | 1 | |a Lucius, Robert von |d 1949- |e Verfasser |4 aut |0 (DE-603)284066982 |0 (DE-588)172511585 |2 gnd | |
| 245 | 0 | 0 | |a Eine grandiose lettische Ost-West-Komödie |b "Sowjet Jeans" : das Lebensgefühl Jugendlicher in Riga 1979 |c von Robert von Lucius |
| 264 | 0 | |c 2025 | |
| 336 | |a Text |b txt |2 rdacontent | ||
| 337 | |a ohne Hilfsmittel zu benutzen |b n |2 rdamedia | ||
| 338 | |a Band |b nc |2 rdacarrier | ||
| 648 | 7 | |a Sozialgeschichte 1975-1979 |2 gnd | |
| 650 | 7 | |a Serienfilm |0 (DE-588)4181036-3 |0 (DE-603)085866520 |2 gnd | |
| 650 | 7 | |a Jugend |0 (DE-588)4028859-6 |0 (DE-603)085076104 |2 gnd | |
| 650 | 7 | |a Lebensgefühl |0 (DE-588)4167020-6 |0 (DE-603)085753173 |2 gnd | |
| 650 | 7 | |a Jeans |g Motiv |0 (DE-588)4417001-4 |0 (DE-603)088631478 |2 gnd | |
| 650 | 7 | |a Geheimdienst |0 (DE-588)4019737-2 |0 (DE-603)085046965 |2 gnd | |
| 650 | 7 | |a Moral |0 (DE-588)4040222-8 |0 (DE-603)085110051 |2 gnd | |
| 650 | 7 | |a Gesellschaftskritik |0 (DE-588)4020643-9 |0 (DE-603)085049913 |2 gnd | |
| 651 | 7 | |a Lettland |0 (DE-588)4074187-4 |0 (DE-603)085208876 |2 gnd | |
| 773 | 0 | 8 | |i Enthalten in |t Baltische Briefe |d Großhansdorf : Verl. Balt. Briefe, 1948- |x 0005-4526 |g Band 78, Heft 6 (920) (2025), Seite 7 |w (DE-603)047806486 |w (DE-600)536488-7 |
| 924 | 0 | |9 2080 |a (DE-603)1333318774 |b DE-2080 |c HES |d d |g / | |


